000
00271nam a22001337a 4500
008
170809b xxu||||| |||| 00| 0 eng d
020
_a
9780782119510
041
_a
eng
080
_a
004
100
_a
35
101
_a
SHKI
245
_a
VBA
_c
GETZ, K
942
_2
udc
_c
BK
999
_c
23031
_d
23031